Представление документа в формате RUSMARC

ПолеНазваниеЗначение
  Тип записи a
  Библиографический уровень m
001 Контрольный номер RU/SLIB/B/220466380
005 Дата корректировки 20201206204446.6
010 Индекс ISBN __
a ISBN 5-699-12961-8
d Цена 168-08
101 Язык документа __
a Язык текста rus
c Язык оригинала rus
200 Заглавие и сведения об ответственности 1_
a Заглавие Финансы организаций
e Сведения, относящиеся к заглавию менеджмент и анализ : учеб. пособие
f Первые сведения об ответственности В. Н. Незамайкин, И. Л. Юрзинова
b Общее обозначение материала Текст
210 Выходные данные __
a Место издания М.
c Издательство ЭКСМО
d Дата издания 2005
215 Физическое описание __
a Объем 510, [2] с.
c Иллюстрации/тип воспроизводства ил., табл.
225 Серия __
a Серия Высшее экономическое образование
330 Аннотация __
a Аннотация В книге раскрываются сущность финансового менеджмента в организации, основы экономического анализа и антикризисного управления, методы расчета, планирования и прогнозирования основных финансовых показателей, маркетингового анализа.
606 Тематические рубрики __
a Основная рубрика Экономика
606 Тематические рубрики __
a Основная рубрика Финансы предприятия
610 Ключевые слова __
a Ключевые слова предприятия; организации; финансы предприятий; финансовый менеджмент; финансовый анализ; финансовое планирование; продажа товаров; маркетинг; себестоимость; финансовые ресурсы; финансовые результаты; внеоборотные активы; оборотные активы; рентабельность; капитал; финансовое состояние; несостоятельность предприятия; банкротство; антикризисное управление; эффективность производства; менеджмент
686 Индексы других классификаций __
a Классификационный индекс 65.291.9я73
700 Автор _1
a Фамилия Незамайкин
b Имя В. Н.
g Полное личное имя Валерий Николаевич
4 Код отношения 070
701 Альтернативная интеллектуальная ответственность _1
a Фамилия Юрзинова
b Имя И. Л.
g Полное личное имя Ирина Леонидовна
4 Код отношения 070
801 Источник записи _0
a Страна RU
b Организация Муниципальное бюджетное учреждение культуры "Централизованная библиотечная система" г. Сургут (Центральная городская библиотека им. А. С. Пушкина)
g Правила каталогизации КиК/Дорошева
801 Источник записи _1
a Страна RU
b Организация Муниципальное бюджетное учреждение культуры "Централизованная библиотечная система" г. Сургут (Центральная городская библиотека им. А. С. Пушкина)
g Правила каталогизации КиК/Дорошева
852 Данные о местонахождении __
j Шифр хранения 65.291.9я73
c Каталожный индекс 65.290-93я73
i Авторский знак Н 44
901 Тип документа __
t Тип документа m
903 Характеристики (МАРС) __
a Дата передачи 20061229
969 Тип издания __
a Тип издания учебное пособие
990 Данные о заказе (DOS) __
j Количество экземпляров (DOS) 1
t N записи в КСУ для И/У (DOS) 200701